Biscaya-James Last (Record n. 98870)

Dettagli MARC
000 -LEADER
fixed length control field 01640njm a2200349Ia 4500
001 - CONTROL NUMBER
control field 24660
003 - CONTROL NUMBER IDENTIFIER
control field IT-RoPAU
005 - DATE AND TIME OF LATEST TRANSACTION
control field 20220918181109.0
008 - FIXED-LENGTH DATA ELEMENTS--GENERAL INFORMATION
fixed length control field 131025s9999 xx 000 0 und d
040 ## - CATALOGING SOURCE
Original cataloging agency IT-RoPAU
040 ## - CATALOGING SOURCE
Transcribing agency IT-RoPAU
999 ## - SYSTEM CONTROL NUMBERS (KOHA)
Koha Dewey Subclass [OBSOLETE] n.d.
100 ## - MAIN ENTRY--PERSONAL NAME
Personal name Last James
9 (RLIN) 11420
100 ## - MAIN ENTRY--PERSONAL NAME
Relator term Autore musica
9 (RLIN) 11421
100 ## - MAIN ENTRY--PERSONAL NAME
Miscellaneous information Codice autore musica SPICS: 10976
9 (RLIN) 11422
245 ## - TITLE STATEMENT
Title Biscaya-James Last
250 ## - EDITION STATEMENT
Edition statement 1a ed.
260 ## - PUBLICATION, DISTRIBUTION, ETC. (IMPRINT)
Place of publication, distribution, etc. ITALIA
260 ## - PUBLICATION, DISTRIBUTION, ETC. (IMPRINT)
Name of publisher, distributor, etc. POLYDOR
Date of publication, distribution, etc. 1982 [1a Ed.:1982]
300 ## - PHYSICAL DESCRIPTION
Extent DISCO
300 ## - PHYSICAL DESCRIPTION
Dimensions 43 minuti (Testo: pag.)
500 ## - GENERAL NOTE
General note Musica strumentale. Arrangiamento di brani diversi.
505 ## - FORMATTED CONTENTS NOTE
Formatted contents note Beachrunner - Rain and Sun - The Morning After - Abends Im Schilf - Verlorener Sommer - Biscaya (5:00) - Diving [(Die Unterwasserwelt) (4:00)] - Shore Life (4:00) - The Calm Before the Storm (5:00) - Weekend Torn (4:00) - Empty Glasses (5:00)
650 ## - SUBJECT ADDED ENTRY--TOPICAL TERM
Topical term or geographic name as entry element ARRANGIAMENTO [DISCHI]
Relator term Codice MATERIA SPICS: 9950
9 (RLIN) 11423
700 ## - ADDED ENTRY--PERSONAL NAME
Personal name Last James
Miscellaneous information Codice autore e interprete SPICS: 10976
Relator term Autore interprete
9 (RLIN) 11424
700 ## - ADDED ENTRY--PERSONAL NAME
Personal name Bookwood William
Miscellaneous information Codice autore musica SPICS: 15723
Relator term Autore musica
Name of part/section of a work Biscaya
9 (RLIN) 11425
700 ## - ADDED ENTRY--PERSONAL NAME
Personal name O'Malley Howard
Miscellaneous information Codice autore SPICS: 15724
Relator term Autore
Name of part/section of a work Biscaya
9 (RLIN) 11426
700 ## - ADDED ENTRY--PERSONAL NAME
Personal name Eggert Thomas
Miscellaneous information Codice autore musica SPICS: 15725
Relator term Autore musica
Name of part/section of a work Diving (Die Unterwasserwelt) - Empty Glasses
9 (RLIN) 11427
700 ## - ADDED ENTRY--PERSONAL NAME
Personal name Last Ronald
Miscellaneous information Codice autore musica SPICS: 15710
Relator term Autore musica
Name of part/section of a work Shore Life - The Calm Before the Storm - Empty Glasses
9 (RLIN) 11428
700 ## - ADDED ENTRY--PERSONAL NAME
Personal name Bowien Jimmy
Miscellaneous information Codice autore musica SPICS: 15726
Relator term Autore musica
Name of part/section of a work Weekend Torn
9 (RLIN) 11429
942 ## - ADDED ENTRY ELEMENTS (KOHA)
Koha item type DISCHI
Source of classification or shelving scheme Dewey Decimal Classification
Dati di copia
Withdrawn status Lost status Damaged status Not for loan Home library Current library Date acquired Total Checkouts Full call number Date last seen Price effective from Koha item type Public note
    Buone Condizioni Not For Loan SPICS-MEDIATECA SPICS-MEDIATECA 25/10/2013   24660 25/10/2013 25/10/2013 DISCHI Progr. Ins.: 5355 / N.Vol.: 1 / Copie: 1 - Copia rara: n.d. / date import: 01.01.2014 - By Epidotti, Trombetti, Vaglietti
CREDITS: SOCIETA' SAN PAOLO Via A.Severo, 58 - ROMA (RM) & PERIODICI SAN PAOLO SRL Via Giotto, 36 MILANO & CISF Via Giotto, 36 MILANO & EDIZIONI SAN PAOLO SRL,  Piazza Soncino, 5 CINISELLO BALSAMO (MI) -- ITALY